01027cam a2200277 a 4500952013600000999001700136001000900153003000400162005001700166008004100183010001700224020003000241035005700271040001900328082002200347100002300369245005200392250001200444260003800456300001000494504005100504650002400555856008300579906004500662942004200707 00102ddc40708ECONOMICSaMESbMEScECO d2019-02-20g3280.00l0o330.09 RIM/Dp36414r2019-02-20 00:00:00w2019-02-20yBKzGL3R1 c11194d1119415296213OSt20191221131520.0080519s2009 nyua b 001 0 eng  a 2008020299 a9780415772921 (softcover) a(OCoLC)228427236z(OCoLC)225819939z(OCoLC)225819944 aDLCcoclcdDLC00a330.09222bRIM/D aRima, Ingrid 962810aDevelopment Of Economic Analysis /cIngrid Rima a7th ed. aNew York, NY :bRoutledge,c2009. a606 p aIncludes bibliographical references and index. 0aEconomicsxHistory.413Table of contents onlyuhttp://www.loc.gov/catdir/toc/ecip0818/2008020299.html a7bcbccorignewd1eecipf20gy-gencatlg 2ddccBKh330.09iRIM/Dk330.09mRIM/D